Statistics for Countries With Lowest Population Growth

Click here to take the quiz!

General Stats

  • This quiz has been taken 92 times
  • The average score is 11 of 20

Answer Stats

%Country% Correct
-0.83Bulgaria
73%
-0.13Japan
73%
-0.29Romania
71%
-0.64Ukraine
71%
-0.68Estonia
70%
-0.18Germany
70%
-0.62Latvia
70%
-0.46Serbia
70%
-0.19Belarus
69%
-0.29Lithuania
69%
-1.02Moldova
69%
-0.23Slovenia
66%
-0.21Hungary
63%
-0.49Montenegro
56%
-9.73Syria
45%
-0.13Armenia
40%
-0.14Cuba
24%
-0.48South Africa
15%
-0.42Federated States of Micronesia
13%
-0.29St Vincent and the Grenadines
10%

Score Distribution

Percentile by Number Answered

Percent of People with Each Score

Your Score History

You have not taken this quiz